000 00444nam a2200157Ia 4500
999 _c35206
_d35206
003 OSt
005 20200709130201.0
008 190216s9999||||xx |||||||||||||| ||und||
040 _coclc
082 _a954.035
_bGAN/H
100 _aGandhi, M K
_93322
245 4 _aThe Hindu Muslim Unity /
_cM K Gandhi
260 _bBharatiya Vidya Bhavan,
_c1965.
300 _a151p
942 _cREF
_2ddc
_h954.035
_iGAN/H
_k954.035
_mGAN/H